|
|
|
|
| LEADER |
03297nam a2200565 4500 |
| 001 |
978-3-319-57801-9 |
| 003 |
DE-He213 |
| 005 |
20191022141604.0 |
| 007 |
cr nn 008mamaa |
| 008 |
170807s2018 gw | s |||| 0|eng d |
| 020 |
|
|
|a 9783319578019
|9 978-3-319-57801-9
|
| 024 |
7 |
|
|a 10.1007/978-3-319-57801-9
|2 doi
|
| 040 |
|
|
|d GrThAP
|
| 050 |
|
4 |
|a GB3-5030
|
| 072 |
|
7 |
|a RB
|2 bicssc
|
| 072 |
|
7 |
|a SCI019000
|2 bisacsh
|
| 072 |
|
7 |
|a RB
|2 thema
|
| 072 |
|
7 |
|a TQ
|2 thema
|
| 082 |
0 |
4 |
|a 550
|2 23
|
| 100 |
1 |
|
|a A. Hurlbert, Margot.
|e author.
|4 aut
|4 http://id.loc.gov/vocabulary/relators/aut
|
| 245 |
1 |
0 |
|a Adaptive Governance of Disaster
|h [electronic resource] :
|b Drought and Flood in Rural Areas /
|c by Margot A. Hurlbert.
|
| 250 |
|
|
|a 1st ed. 2018.
|
| 264 |
|
1 |
|a Cham :
|b Springer International Publishing :
|b Imprint: Springer,
|c 2018.
|
| 300 |
|
|
|a XVIII, 247 p. 30 illus., 8 illus. in color.
|b online resource.
|
| 336 |
|
|
|a text
|b txt
|2 rdacontent
|
| 337 |
|
|
|a computer
|b c
|2 rdamedia
|
| 338 |
|
|
|a online resource
|b cr
|2 rdacarrier
|
| 347 |
|
|
|a text file
|b PDF
|2 rda
|
| 490 |
1 |
|
|a Water Governance - Concepts, Methods, and Practice,
|x 2365-4961
|
| 505 |
0 |
|
|a 1. Introduction -- 2. Adaptive Governance (management, co-management and anticipatory) -- 3. Methodology: Institutional Analysis and Adaptive Governance -- 4. International Level -- 5. Case study Saskatchewan, Canada -- 6. Case study Alberta, Canada -- 7. Case study Coquimbo, Chile -- 8. Case study Mendoza, Argentina -- 9. Comparative Analysis -- 10. Conclusion -- 11. References -- Appendices.
|
| 520 |
|
|
|a This book provides a comparative analysis of policy instruments responding to climate change, drought and flood in relation to agricultural producers and their communities in four case study areas: Alberta, Canada, Saskatchewan, Canada, Coquimbo, Chile, and Mendoza, Argentina. Assessed through a lens of effectiveness, and adaptive governance, instruments advancing livelihood capitals of agricultural producers and identified and recommendations made to improve the suite of policy instruments are made.
|
| 650 |
|
0 |
|a Physical geography.
|
| 650 |
|
0 |
|a Environmental policy.
|
| 650 |
|
0 |
|a Environmental management.
|
| 650 |
|
0 |
|a Climate change.
|
| 650 |
|
0 |
|a Agriculture.
|
| 650 |
1 |
4 |
|a Earth System Sciences.
|0 http://scigraph.springernature.com/things/product-market-codes/G35000
|
| 650 |
2 |
4 |
|a Environmental Policy.
|0 http://scigraph.springernature.com/things/product-market-codes/X33040
|
| 650 |
2 |
4 |
|a Water Policy/Water Governance/Water Management.
|0 http://scigraph.springernature.com/things/product-market-codes/215000
|
| 650 |
2 |
4 |
|a Climate Change Management and Policy.
|0 http://scigraph.springernature.com/things/product-market-codes/314000
|
| 650 |
2 |
4 |
|a Agriculture.
|0 http://scigraph.springernature.com/things/product-market-codes/L11006
|
| 710 |
2 |
|
|a SpringerLink (Online service)
|
| 773 |
0 |
|
|t Springer eBooks
|
| 776 |
0 |
8 |
|i Printed edition:
|z 9783319578002
|
| 776 |
0 |
8 |
|i Printed edition:
|z 9783319578026
|
| 776 |
0 |
8 |
|i Printed edition:
|z 9783319862538
|
| 830 |
|
0 |
|a Water Governance - Concepts, Methods, and Practice,
|x 2365-4961
|
| 856 |
4 |
0 |
|u https://doi.org/10.1007/978-3-319-57801-9
|z Full Text via HEAL-Link
|
| 912 |
|
|
|a ZDB-2-EES
|
| 950 |
|
|
|a Earth and Environmental Science (Springer-11646)
|